000 00552nam a2200205Ia 4500
003 OSt
005 20250205143138.0
008 210210b1967 xxu||||| |||| 00| 0 eng d
040 _cAL
041 _aKannada
082 _aK894.301 BICK
100 _aBICHI.
_9131340
_dಬೀಚಿ.
245 _aKattalalli bandavalu.
_bಕತ್ತಲಲ್ಲಿ ಬಂದವಳು
260 _aBengaluru
_bPrakasha Sahitya
_c1967
300 _a191
650 _aSannakategalu
_9131341
690 _aKannada Fiction
_9131342
906 _a029158
942 _2ddc
_cBK
999 _c80382
_d80382